Dai tetti in su (Record n. 37770)
[ formato base ]
| 000 -LEADER | |
|---|---|
| fixed length control field | 00770nam a22001817a 4500 |
| 003 - CONTROL NUMBER IDENTIFIER | |
| control field | IT-RoPau |
| 005 - DATE AND TIME OF LATEST TRANSACTION | |
| control field | 20220918175938.0 |
| 008 - FIXED-LENGTH DATA ELEMENTS--GENERAL INFORMATION | |
| fixed length control field | 130116b xxu||||| |||| 00| 0 eng d |
| 040 ## - CATALOGING SOURCE | |
| Transcribing agency | IT-RoPau |
| 100 ## - MAIN ENTRY--PERSONAL NAME | |
| Personal name | Giaccardo, Timoteo Giuseppe |
| 9 (RLIN) | 174 |
| 245 ## - TITLE STATEMENT | |
| Title | Dai tetti in su |
| Remainder of title | Pensieri spirituali del Beato Timoteo Giaccardo |
| 250 ## - EDITION STATEMENT | |
| Edition statement | II |
| 260 ## - PUBLICATION, DISTRIBUTION, ETC. (IMPRINT) | |
| Place of publication, distribution, etc. | Roma |
| Name of publisher, distributor, etc. | E.P. (Casa Generalizia) |
| Date of publication, distribution, etc. | 1956 |
| 300 ## - PHYSICAL DESCRIPTION | |
| Extent | 383 p. |
| Dimensions | 15 cm |
| 490 ## - SERIES STATEMENT | |
| Series statement | E.P. |
| Volume/sequential designation | I |
| 520 ## - SUMMARY, ETC. | |
| Summary, etc. | Indice<br/><br/>Prefazione<br/>Il Servo di Dio Don Timoteo<br/>Giaccardo<br/>Il Divin Maestro<br/>Maria Santissima, Madre,<br/>Maestra e Regina<br/>San Paolo l' Apostolo<br/>La pietà<br/>La fede<br/>La speranza<br/>La carità<br/>La povertà<br/>La castità<br/>L' obbedienza<br/>L' umiltà, via alla gloria<br/>Piccole virtù, segreti di felicità<br/>Preghiera |
| 942 ## - ADDED ENTRY ELEMENTS (KOHA) | |
| Source of classification or shelving scheme | Dewey Decimal Classification |
| Koha item type | LIBRO |
| Withdrawn status | Lost status | Source of classification or shelving scheme | Damaged status | Not for loan | Home library | Current library | Date acquired | Total Checkouts | Full call number | Date last seen | Price effective from | Koha item type |
|---|---|---|---|---|---|---|---|---|---|---|---|---|
| Dewey Decimal Classification | Buone Condizioni | Not For Loan | PAULUS-BIBLIOTECA | PAULUS-BIBLIOTECA | 16/01/2013 | P B3 | 16/01/2013 | 16/01/2013 | LIBRO | |||
| Dewey Decimal Classification | Buone Condizioni | Not For Loan | PAULUS-BIBLIOTECA | PAULUS-BIBLIOTECA | 16/01/2013 | P B3 | 16/01/2013 | 16/01/2013 | LIBRO | |||
| Dewey Decimal Classification | Buone Condizioni | Not For Loan | PAULUS-BIBLIOTECA | PAULUS-BIBLIOTECA | 16/01/2013 | P B3 | 16/01/2013 | 16/01/2013 | LIBRO |